South Eastern Kenya University

Library Online Public Access Catalogue


Three complete novels / (Record no. 12313)

MARC details
000 -LEADER
fixed length control field 00697pam a2200241 a 4500
001 - CONTROL NUMBER
control field 3485679
003 - CONTROL NUMBER IDENTIFIER
control field OSt
005 - DATE AND TIME OF LATEST TRANSACTION
control field 20160330111434.0
008 - FIXED-LENGTH DATA ELEMENTS--GENERAL INFORMATION
fixed length control field 940214s1994 nyu 000 1 eng
010 ## - LIBRARY OF CONGRESS CONTROL NUMBER
LC control number 94006726
020 ## - INTERNATIONAL STANDARD BOOK NUMBER
International Standard Book Number 0399139729
040 ## - CATALOGING SOURCE
Original cataloging agency SEKU
050 00 - LIBRARY OF CONGRESS CALL NUMBER
Classification number PS 3569
Item number .S2
082 00 - DEWEY DECIMAL CLASSIFICATION NUMBER
Classification number 813/.54
Edition number 20
100 1# - MAIN ENTRY--PERSONAL NAME
Personal name Sanders, Lawrence,
Dates associated with a name 1920-
240 10 - UNIFORM TITLE
Uniform title <a href="Novels.">Novels.</a>
Form subheading Selections
245 10 - TITLE STATEMENT
Title Three complete novels /
Statement of responsibility, etc. Lawrence Sanders.
260 ## - PUBLICATION, DISTRIBUTION, ETC. (IMPRINT)
Place of publication, distribution, etc. New York :
Name of publisher, distributor, etc. Putnam's,
Date of publication, distribution, etc. [1994]
300 ## - PHYSICAL DESCRIPTION
Extent 732 p. ;
Dimensions 25 cm.
505 0# - FORMATTED CONTENTS NOTE
Formatted contents note The sixth commandment -- The seventh commandment -- The eighth commandment.
650 #0 - SUBJECT ADDED ENTRY--TOPICAL TERM
Topical term or geographic name as entry element Detective and mystery stories, American.
942 ## - ADDED ENTRY ELEMENTS (KOHA)
Source of classification or shelving scheme Library of Congress Classification
Koha item type General circulation
Holdings
Withdrawn status Lost status Source of classification or shelving scheme Damaged status Not for loan Home library Current library Shelving location Date acquired Source of acquisition Total Checkouts Full call number Barcode Date last seen Price effective from Koha item type Public note
    Library of Congress Classification     Mtito Andei Centre Library Mtito Andei Centre Library General Stacks 30/03/2016 Donation- Books for Africa   PS 3569 .S2 2016/015663 30/03/2016 30/03/2016 General circulation stv
Kitui, Kenya.
+254736116989
library@seku.ac.ke